00531nam a2200085Ia 4500008004100000245025800041260000900299300010500308650003200413180130s9999 xx 000 0 und d cRubio, Belen; Alvarez-Iglesias, Paula; Bernabeu, Ana M.; Leon, Ivan; Mohamed, Kais J.; Rey, Daniel; Vilas, FedericoaFactors controlling the incorporation of trace metals to coastal marine sediments: cases of study in the Galician Rias Baixas (NW Spain) c2015 aBook title: Significant concept in global environmental change--Acession number C19421; pages 89-112 aGLOBAL ENVIRONMENTAL CHANGE